000 004610000a22001810004500
003 MACL
005 20150816155818.0
008 150816b xxu||||| |||| 00| 0 eng d
040 _aMACL
_cMACL
041 _aEnglish
082 _a510/KAP
100 _akapur J.N.
_95944
245 _aSuggested Experiments In School Mathematics
260 _bArya Book Depot
_c1967
_aNew Delhi
350 _a150.00
650 _aMathematics
_95682
942 _cBK
_k510/KAP
_2ddc
999 _c42087
_d42087